00880nam a2200265Ia 4500008004100000020001800041050001500059050001400074100002600088245004000114245002400154245004400178260001700222260002600239260000900265300001600274300002000290300001100310500004100321650002900362650003900391650004500430999001900475952012000494160517s9999 xx 000 0 und d a971-08-6344-4 aFIL DS 668 b.Z85 2010 aZulueta, Francisco M. aPhilippine history and government : bthrough the years / cFrancisco M. Zulueta, Abriel M. Nebres. aMandaluyong: bNational Books Store, c2010 a347 pages : billustrations ; c22 cm. aIncludes bibliographical references. aPhilippines -- History.  aPhilippines -- Study and teaching. xPhilippines -- Politics and government.  c294104d294104 001040aSMCbSMCcFILd2011-02-14g375.00l0oFIL DS 668 .Z85 2010pSMC05528r2016-05-17 00:00:00w2016-05-17yBK